000 00664nam a2200205Ii 4500
003 JO-AjNU
008 230605s9999||||xx |||||||||||||| ||und||
040 _aJO-AjNU
_bara
_erda
_cJO-AjNU
041 _aara
050 1 4 _aQ158.C65 1963
100 3 _aكونانت، جيمس ب ح؛ زكي احمد مترجم ومحقق,
_eauthor
_919824
245 0 0 _aمواقف حاسمة في تاريخ العلم
250 _aط2
264 3 1 _aالقاهرة :دار المعارف ، 1963
300 _a502ص
336 _atext
_btxt
_2rdacontent
337 _aunmediated
_bn
_2rdamedia
338 _avolume
_bnc
_2rdacarrier
650 4 _aعلوم - تاريخ
_919825
999 _aA6610
_c10178
_d10178